| 000 | 01769nam a22002537a 4500 | ||
|---|---|---|---|
| 003 | Uzh_bibl | ||
| 008 | 260501b |||||||| |||| 00| 0 ukr d | ||
| 020 | _c0.79 | ||
| 040 | _aукр. | ||
| 041 |
_2ukr _aukr |
||
| 080 | _a821(477) | ||
| 090 |
_a821(477) _bМ 74 |
||
| 100 | _aМокрієв, Юрій | ||
| 245 |
_aСлід на землі _hТекст |
||
| 260 |
_bДніпро _aКиїв _c1976 |
||
| 300 |
_a399 с. _bпортр. _fВ опр. |
||
| 520 | _aУ творах, що ввійшли до цієї книжки, йдеться про високе творче покликання людини в житті (роман «Слід на землі»); розповідається про пошуки нафти в Прикарпатті молодими геологами. При цьому автор порушує морально-етичні проблеми (кіноповість «Долина Синіх Скель»); ставиться питання трудового виховання підростаючого покоління (повість «Острів Забутий»). Включено також кращі оповідання письменника. | ||
| 521 | _aДля широкого кола читачів | ||
| 546 | _aукр. | ||
| 650 |
_aЛітературно-художнє видання _yХХ століття (переважно радянський період, частково воєнні та повоєнні роки) _zУкраїна |
||
| 653 |
_aЛюдина _aПраця _aВідповідальність _aВійна _aПам’ять |
||
| 655 |
_aРоман, повісті, оповідання (проза) _vРоман, повісті, оповідання |
||
| 942 |
_2udc _cBK |
||
| 999 |
_c17604 _d17604 |
||